Анализ соблюдения требований пожарной безопасности Анжеро-Судженской ЛПДС; Прогрессивные технологии и экономика в машиностроении
| Parent link: | Прогрессивные технологии и экономика в машиностроении.— 2024.— С. 131-133 |
|---|---|
| Autor principal: | |
| Autor corporatiu: | |
| Altres autors: | |
| Sumari: | В ходе исследования был проанализирован уровень пожарных рисков на линейной производственно-диспетчерской станции «Анжеро-Судженская» Новосибирского регионального управления АО «Транснефть – Западная Сибирь». Осуществлена оценка пожарной безопасности при реализации возможных тяжелых последствий от воздействия пожара The analysis of fire risks at the Angero-Sudzhenskaya linear production and dispatch station of the Novosibirsk RNU of Transneft Western Siberia JSC was carried out. An assessment of fire safety has been carried out in the implementation of possible severe consequences from the effects of fire Текстовый файл |
| Idioma: | rus |
| Publicat: |
2024
|
| Col·lecció: | Экология, безопасность и охрана труда на предприятии |
| Matèries: | |
| Accés en línia: | http://earchive.tpu.ru/handle/11683/80266 |
| Format: | Electrònic Capítol de llibre |
| KOHA link: | https://koha.lib.tpu.ru/cgi-bin/koha/opac-detail.pl?biblionumber=673099 |
MARC
| LEADER | 00000naa2a2200000 4500 | ||
|---|---|---|---|
| 001 | 673099 | ||
| 005 | 20240723103234.0 | ||
| 090 | |a 673099 | ||
| 100 | |a 20240617d2024 k||y0rusy50 ca | ||
| 101 | 0 | |a rus | |
| 102 | |a RU | ||
| 135 | |a drcn ---uucaa | ||
| 200 | 1 | |a Анализ соблюдения требований пожарной безопасности Анжеро-Судженской ЛПДС |f А. К. Хименко |g науч. рук. Л. Г. Деменкова ; Национальный исследовательский Томский политехнический университет | |
| 225 | 1 | |a Экология, безопасность и охрана труда на предприятии | |
| 283 | |2 RDAcarrier | ||
| 320 | |a Список использованных источников: 10 назв. | ||
| 330 | |a В ходе исследования был проанализирован уровень пожарных рисков на линейной производственно-диспетчерской станции «Анжеро-Судженская» Новосибирского регионального управления АО «Транснефть – Западная Сибирь». Осуществлена оценка пожарной безопасности при реализации возможных тяжелых последствий от воздействия пожара | ||
| 330 | |a The analysis of fire risks at the Angero-Sudzhenskaya linear production and dispatch station of the Novosibirsk RNU of Transneft Western Siberia JSC was carried out. An assessment of fire safety has been carried out in the implementation of possible severe consequences from the effects of fire | ||
| 336 | |a Текстовый файл | ||
| 463 | 1 | |0 672887 |9 672887 |c Томск |d 2024 |n Изд-во ТПУ |t Прогрессивные технологии и экономика в машиностроении |o сборник трудов XV Всероссийской научно-практической конференции для студентов и учащейся молодежи, г. Юрга, 11–13 апреля 2024 г. |a Солодский, С. А. (специалист в области экологии и безопасности жизнедеятельности ; 1980-) |u conference_tpu-2024-C57.pdf |v С. 131-133 |p 1 файл (5,61 Мб, 263 с.) | |
| 610 | 1 | |a труды учёных ТПУ | |
| 610 | 1 | |a электронный ресурс | |
| 610 | 1 | |a нефть | |
| 610 | 1 | |a пожар | |
| 610 | 1 | |a пожарная безопасность | |
| 610 | 1 | |a автоматическая система пенного пожаротушения | |
| 610 | 1 | |a система вοдоохлаждения резервуаров | |
| 610 | 1 | |a противопожарная защита | |
| 700 | 1 | |a Хименко |b А. К. | |
| 702 | 1 | |a Деменкова |b Л. Г. |c специалист в области естествознания |c старший преподаватель Юргинского технологического института (филиала) Томского политехнического университета |f 1964- |g Лариса Геннадьевна |4 727 | |
| 712 | 0 | 2 | |a Национальный исследовательский Томский политехнический университет |c (2009- ) |9 26305 |
| 801 | 0 | |a RU |b 63413507 |c 20240617 | |
| 850 | |a 63413507 | ||
| 856 | 4 | |u http://earchive.tpu.ru/handle/11683/80266 |z http://earchive.tpu.ru/handle/11683/80266 | |
| 942 | |c CF | ||